书目信息 |
| 题名: |
跳高
|
|
| 作者: | 孙守正 , 徐良彦 编著 | |
| 分册: | ||
| 出版信息: | 北京 人民体育出版社 1997 |
|
| 页数: | 114页 | |
| 开本: | 19cm | |
| 丛书名: | 田径教学训练实用丛书 | |
| 单 册: | ||
| 中图分类: | G823.1 | |
| 科图分类: | ||
| 主题词: | 跳高--运动训练法 , 跳高 , 运动训练法 | |
| 电子资源: | ||
| ISBN: | 7-5009-1335-4 | |
| 000 | 00717oam2 2200265 450 | |
| 001 | 1259796666 | |
| 005 | 20121007163709.75 | |
| 010 | @a7-5009-1335-4@dCNY6.00 | |
| 100 | @a19971112d1997 em y0chiy0110 ea | |
| 101 | 0 | @achi |
| 102 | @aCN@b110000 | |
| 105 | @af z 000yy | |
| 200 | 1 | @a跳高@Atiao gao@f孙守正,徐良彦编著 |
| 210 | @a北京@c人民体育出版社@d1997 | |
| 215 | @a114页@d19cm | |
| 225 | 2 | @a田径教学训练实用丛书 |
| 461 | 0 | @12001 @a田径教学训练实用丛书 |
| 606 | 0 | @a跳高@x运动训练法 |
| 606 | 0 | @a跳高 |
| 606 | 0 | @a运动训练法 |
| 690 | @aG823.1@v3 | |
| 701 | 0 | @a孙守正@Asun shou zheng@4编著 |
| 701 | 0 | @a徐良彦@Axu liang yan@4编著 |
| 801 | 0 | @aCN@bNLC@c20101222 |
| 905 | @a10447@dG823.1@eJY231 | |
| 跳高/孙守正,徐良彦编著.-北京:人民体育出版社,1997 |
| 114页;19cm.-(田径教学训练实用丛书) |
| ISBN 7-5009-1335-4:CNY6.00 |
| ● |
| 相关链接 |
|
|
|
|
正题名:跳高
索取号:G823.1/JY231
 
预约/预借
| 序号 | 登录号 | 条形码 | 馆藏地/架位号 | 状态 | 备注 |
| 1 | 7829064 | 278290644 | 学院路分馆/ [索取号:G823.1/JY231] | 在馆 |